| 000 | 00417nam a22001697a 4500 | ||
|---|---|---|---|
| 003 | NUST - PNEC | ||
| 005 | 20170116181153.0 | ||
| 008 | 160105b xxu||||| |||| 00| 0 eng d | ||
| 020 | _a- | ||
| 040 | _cLIBRARY | ||
| 082 | _a891.4391 AMI | ||
| 100 |
_915675 _aAmin Khayal |
||
| 245 |
_aChamasey (Nazma) _cAmin Khayal |
||
| 260 |
_aLahore: _cc1990. |
||
| 650 |
_915676 _aUrdu Literature _xGeneral |
||
| 942 |
_2ddc _cBK |
||
| 999 |
_c71079 _d71079 |
||